000 00597nam a2200193Ia 4500
005 20250508160918.0
008 008 250505s9999 xx 000 0 eng d
037 _aTextual
040 _aFEDL
_beng
_cFEDL
041 _aeng
_2eng
084 _a370.959, HUQ
_qFEDL
100 _aMuhammad Shamsul Huq
_9765728
245 0 _aEducation, manpower, and development in South and Southeast Asia
260 _aNew Delhi, India
_bSterling Publishers Private Limited
_c1975
300 _axvi,221p.
650 _aEducation
942 _cTEXL
_h370.959, HUQ
999 _c1367346
_d1367346